Online Catalogue and eLibrary

The rights of women in islam (Record no. 799)

MARC details
000 -LEADER
fixed length control field 00490nam a2200181Ia 4500
005 - DATE AND TIME OF LATEST TRANSACTION
control field 20240716035050.0
008 - FIXED-LENGTH DATA ELEMENTS--GENERAL INFORMATION
fixed length control field 240331s9999 xx 000 0 und d
020 ## - INTERNATIONAL STANDARD BOOK NUMBER
ISBN 8120713060
082 ## - DDC Classification
Class No. 200.042
Item Number - Author Mark ENG
100 ## - MAIN ENTRY--PERSONAL NAME
Personal name Engineer, A.A
245 #4 - TITLE STATEMENT
Title The rights of women in islam
Statement of responsibility, etc. Asghar Ali Engineer
260 ## - PUBLICATION, DISTRIBUTION, ETC.
Place of publication, distribution, etc. New Delhi
Name of publisher, distributor, etc. Sterling Publishers Private Limited
Date of publication, distribution, etc. 1992
300 ## - PHYSICAL DESCRIPTION
Extent (e.g. Volumes, Pages etc.) vi, 188 p .,
650 ## - SUBJECT ADDED ENTRY--TOPICAL TERM
Topical term or geographic name entry element Woman
650 ## - SUBJECT ADDED ENTRY--TOPICAL TERM
Topical term or geographic name entry element Muslim Personal Law
650 ## - SUBJECT ADDED ENTRY--TOPICAL TERM
Topical term or geographic name entry element Marital Rights
942 ## - Koha item type (Biblio)
Koha item type Books in Stacks (Lending)
Holdings
Lost status Damaged status Collection code Home library Current library Shelving location Date acquired Full call number Accession Number Item type
    Lending WERC Library WERC Library Social Science Cupboard 03/31/2024 200.042 ENG 3976 Books in Stacks (Lending)

© WERC Library